UM Logo

Purchase Decision of smartphone users in um digos college / (Record no. 22164)

MARC details
000 -LEADER
fixed length control field 00836nam a22002057a 4500
003 - CONTROL NUMBER IDENTIFIER
control field OSt
005 - DATE AND TIME OF LATEST TRANSACTION
control field 20250212083525.0
008 - FIXED-LENGTH DATA ELEMENTS--GENERAL INFORMATION
fixed length control field 241003b |||||||| |||| 00| 0 eng d
040 ## - CATALOGING SOURCE
Transcribing agency 0
100 ## - MAIN ENTRY--PERSONAL NAME
Personal name Balofinos, Lady Deborah Sheena.
Relator term author.
9 (RLIN) 62148
245 ## - TITLE STATEMENT
Title Purchase Decision of smartphone users in um digos college /
Statement of responsibility, etc. Lady Deborah Sheena Balofinos, Jaycel S. Himarangan, Jayrick P. Manzano, and Melody A. Malnegro.
260 ## - PUBLICATION, DISTRIBUTION, ETC. (IMPRINT)
Place of publication, distribution, etc. Philippines ;
Name of publisher, distributor, etc. University of Mindanao,
Date of publication, distribution, etc. 2021.
300 ## - PHYSICAL DESCRIPTION
Extent volume 13, pages 186-210.
500 ## - GENERAL NOTE
General note Research Journal, v. 13, iss. 1, pages 186-210, 2021.
700 ## - ADDED ENTRY--PERSONAL NAME
Personal name Balofinos, Lady Deborah Sheena.
Relator term author.
9 (RLIN) 62148
700 ## - ADDED ENTRY--PERSONAL NAME
Personal name Himarangan, Jaycel S.
Relator term author.
9 (RLIN) 64624
700 ## - ADDED ENTRY--PERSONAL NAME
Personal name Manzano, Jayrick P.
Relator term author.
9 (RLIN) 64625
700 ## - ADDED ENTRY--PERSONAL NAME
Personal name Malnegro, Melody A.
Relator term author.
9 (RLIN) 64626
942 ## - ADDED ENTRY ELEMENTS (KOHA)
Source of classification or shelving scheme Dewey Decimal Classification
Koha item type Periodicals
Holdings
Withdrawn status Lost status Source of classification or shelving scheme Damaged status Not for loan Collection code Home library Current library Date acquired Total Checkouts Date last seen Price effective from Koha item type Public note
    Dewey Decimal Classification     Periodicals UM Digos College - LIC UM Digos College - LIC 10/03/2024   10/03/2024 10/03/2024 Periodicals Periodical Article